| 000 | 00751cam a22002054a 4500 | ||
|---|---|---|---|
| 020 | _a1559638761 (cloth : alk. paper) | ||
| 040 | _cDLC | ||
| 082 | 0 | 0 | _a577 ISL 2002 A080 Or. |
| 100 | 1 | _aBaskin, Yvonne. | |
| 245 | 1 | 2 |
_aA plague of rats and rubbervines : _bthe growing threat of species invasions / |
| 260 |
_aWashington, DC : _bIsland Press/Shearwater Books, _cc2002. |
||
| 300 |
_aviii, 377 p., [8] p. of plates : _bill. ; _c24 cm. |
||
| 500 | _a"A SCOPE--GISP project." | ||
| 650 | 0 | _aBiological invasions. | |
| 650 | 0 | _aNature conservation. | |
| 710 | 2 | _aInternational Council of Scientific Unions. | |
| 710 | 2 | _aGlobal Invasive Species Programme. | |
| 856 | 4 | 2 | _uhttp://www.loc.gov/catdir/enhancements/fy0666/2002004029-d.html |
| 942 | _cEK | ||
| 999 |
_c15819 _d15819 |
||